Normal view
MARC view
- التدقيق الخارجي للحسابات-المحاسبة
Entry Topical Term
001 - CONTROL NUMBER
- control field: 61485
003 - CONTROL NUMBER IDENTIFIER
- control field: JO-AjAnu
005 - DATE AND TIME OF LATEST TRANSACTION
- control field: 20230606084039.0
008 - FIXED-LENGTH DATA ELEMENTS
- fixed length control field: 230606|| aca||aabn | a|a d
040 ## - CATALOGING SOURCE
- Original cataloging agency: JO-AjAnu
- Transcribing agency: JO-AjAnu
150 ## - HEADING--TOPICAL TERM
- Topical term or geographic name entry element: التدقيق الخارجي للحسابات-المحاسبة
670 ## - SOURCE DATA FOUND
- Source citation: Work cat.: (JO-AjAnu)31362: جمعة، احمد حلمي, author 61484, خدمات التأكيد المعقول والمحدود وفق المعايير الدولية للمراجعة والتاكيد (المراجعة والفحص سابقا)